Law & institutions of the European Communities
Αποθηκεύτηκε σε:
| Κύριος συγγραφέας: | |
|---|---|
| Άλλοι συγγραφείς: | |
| Μορφή: | Βιβλίο |
| Γλώσσα: | English |
| Δημοσίευση: |
London :
Butterworths,
1991
|
| Έκδοση: | 5th ed. |
| Θέματα: | |
| Ετικέτες: |
Προσθήκη ετικέτας
Δεν υπάρχουν, Καταχωρήστε ετικέτα πρώτοι!
|
MARC
| LEADER | 00000cam a2200000 i 4500 | ||
|---|---|---|---|
| 001 | 1/66395 | ||
| 008 | 020523s1991 eng d | ||
| 020 | |a 0-406-60931-4 | ||
| 035 | |l 10001719 | ||
| 040 | |a GR-MY-UA |b gre |e aacr | ||
| 041 | 0 | |a eng | |
| 082 | 0 | |a 341.242 | |
| 100 | 1 | |a Lasok, Dominik. | |
| 245 | 1 | 0 | |a Law & institutions of the European Communities / |c D. Lasok, J.W. Bridge |
| 246 | 3 | 3 | |a Law and institutions of the European Communities |
| 250 | |a 5th ed. | ||
| 260 | |a London : |b Butterworths, |c 1991 | ||
| 300 | |a 591 p. | ||
| 650 | 0 | 0 | |a Law |z European Economic Community countries. |
| 700 | 1 | |a Bridge, J. W. |q (John William), |d 1937- | |
| 852 | |a INST |b RHODES |e 20020523 |h 341.242 LAS |p 005400016487 |q 005400016487 |t BK |y 0 | ||
| 901 | |a BIBL4-2002-1 | ||
| 909 | |a Ρ |b 101096 | ||
| 970 | |a ΚΟΥΛΑΚΙΟΤΗ |b ΛΙΤΣΑ |z 2002/05/23 | ||